000
00279nam a22001337a 4500
008
170214b xxu||||| |||| 00| 0 eng d
020
_a
9781930624092
041
_a
eng
080
_a
61
100
_a
4
101
_a
SHM
245
_a
INFORMED CONSENT
_c
GETZ, K
942
_2
udc
_c
BK
999
_c
5371
_d
5371